000 00420nam a22001817a 4500
003 MPLRDC
005 20220104171258.0
008 210129b ||||| |||| 00| 0 eng d
020 _a976-643-092-6
082 _a859.6 SUN-7
100 _aJILLIAN CUTTING
245 _aMY FAMILY
_c
250 _a初版
260 _a
_bSUNSHINE
_c1998
300 _b
650 _aCHILDREN LITERATURE
942 _cBK
_o859.6 SUN-7
999 _c58377
_d58367